Statistics for Word Unscramble - Celebrities #2

Click here to take the quiz!

General Stats

  • This quiz has been taken 158 times
  • The average score is 13 of 20

Answer Stats

HintAnswer% Correct
nemag oxfMegan Fox
93%
yawdne nojshonDwayne Johnson
91%
icnik jaminNicki Minaj
88%
liwl mitshWill Smith
88%
ikyle nenjreKylie Jenner
87%
ogreeg lonecoyGeorge Clooney
78%
ermyl trespeMeryl Streep
71%
kiem styonMike Tyson
71%
irgefeFergie
67%
emid oremoDemi Moore
64%
narnahiRihanna
64%
sharnrios dorfHarrison Ford
61%
thengyw tralwopGwyneth Paltrow
57%
limey tublnEmily Blunt
55%
helal rerbyHalle Berry
55%
rany slognigRyan Gosling
54%
zelden hostawnginDenzel Washington
52%
dylol tropanDolly Parton
41%
nellio smiseLionel Messi
37%
powiho legrogdbWhoopi Goldberg
29%

Score Distribution

Percentile by Number Answered

Percent of People with Each Score

Your Score History

You have not taken this quiz